|
|
|
|
| LEADER |
00760nam a22002171 4500 |
| 001 |
c000359583 |
| 003 |
CARM |
| 005 |
00000000000000.0 |
| 008 |
851113s1925 enk 0 eng d |
| 019 |
1 |
|
|a 27017699
|z 4132150
|5 LACONCORD2021
|
| 035 |
|
|
|a (OCoLC)674645
|5 LACONCORD2021
|
| 100 |
1 |
|
|a Bureau, Paul.
|
| 245 |
1 |
0 |
|a Towards moral bankruptcy.
|
| 260 |
|
|
|a Lond. :
|b Constable,
|c 1925.
|
| 500 |
|
|
|a Trans. of the author's D'Indiscipline des moeurs.
|
| 650 |
|
0 |
|a Marriage.
|
| 650 |
|
0 |
|a Sexual ethics.
|
| 852 |
8 |
|
|b CARM
|h A1:AN19F0
|i B08670
|p 0416561
|f BK
|
| 082 |
0 |
4 |
|a 301.42
|
| 999 |
f |
f |
|i 9c4cc221-8dfe-5c36-afb2-2adaf034f867
|s 0d5b4386-b4ae-5dd3-abae-97d284cbcebe
|
| 952 |
f |
f |
|p Can circulate
|a CAVAL
|b CAVAL
|c CAVAL
|d CARM 1 Store
|e B08670
|f A1:AN19F0
|h Other scheme
|i book
|m 0416561
|